Central Library OPAC University of Rajshahi

Social psychology / (Record no. 33248)

MARC details
000 -LEADER
fixed length control field 00917nam a22002771 4500
001 - CONTROL NUMBER
control field 33248
003 - CONTROL NUMBER IDENTIFIER
rucl marc code BD-RjUL
005 - DATE AND TIME OF LATEST TRANSACTION
control field 20211209051955.0
008 - FIXED-LENGTH DATA ELEMENTS--GENERAL INFORMATION
fixed length control field 140430r19621952enka b 001 0 eng d
020 ## - INTERNATIONAL STANDARD BOOK NUMBER
International Standard Book Number 0198521723
035 ## - SYSTEM CONTROL NUMBER
System control number CURL Interim file ISBN03 record 112665
-- (BD-RjUL)33339
040 ## - CATALOGING SOURCE
Original cataloging agency BD-RjUL
Language of cataloging eng
Transcribing agency BD-RjUL
Modifying agency BD-RjUL
041 ## - LANGUAGE CODE
Language code of text/sound track or separate title eng
082 ## - DEWEY DECIMAL CLASSIFICATION NUMBER
Classification number 302
Author mark and year ASS 1962
100 1# - MAIN ENTRY--PERSONAL NAME
Personal name Asch, Solomon E.
Fuller form of name (Solomon Elliott),
Dates associated with a name 1907-1996.
9 (RLIN) 93102
245 10 - TITLE STATEMENT
Title Social psychology /
Statement of responsibility, etc. Solomon E. Asch
260 ## - PUBLICATION, DISTRIBUTION, ETC. (IMPRINT)
Place of publication, distribution, etc. Oxford :
Name of publisher, distributor, etc. Oxford University Press,
Date of publication, distribution, etc. 1952 [Printng 1962].
300 ## - PHYSICAL DESCRIPTION
Pagination xvi, 646 p :
Illustrations ill ;
Size 24 cm
500 ## - GENERAL NOTE
General note Reprint. Originally published: New York : Prentice-Hall, 1952
504 ## - BIBLIOGRAPHY, ETC. NOTE
Bibliography, etc Includes bibliographies and index.
650 #0 - SUBJECT ADDED ENTRY--TOPICAL TERM
Topical term or geographic name as entry element Social psychology
9 (RLIN) 100963
830 #0 - SERIES ADDED ENTRY--UNIFORM TITLE
Uniform title Oxford science publications
942 ## - ADDED ENTRY ELEMENTS (KOHA)
Source of classification or shelving scheme Dewey Decimal Classification
Koha item type Books
Holdings
Lost status Source of classification or shelving scheme Damaged status Not for loan Collection code Permanent Location Current Location Shelving location Date acquired Source of acquisition Cost, normal purchase price Total Checkouts Full call number Date last seen Copy number Koha item type
  Dewey Decimal Classification     Non-fiction Central Library, University of Rajshahi Central Library, University of Rajshahi   10/04/1967 U.S.A 0.00   302 ASS 1962 30/04/2014 C-3 Books